| 000 | 01084nam a2200253Ia 4500 | ||
|---|---|---|---|
| 003 | OSt | ||
| 005 | 20200819175631.0 | ||
| 008 | 191128s2014 ck gr 000 0 spa d | ||
| 020 | _a9789586958943 | ||
| 040 |
_aCO-JMCR _cCO-JMCR |
||
| 041 | 0 | _aspa | |
| 082 | 0 | 4 |
_a346.059 / _bV317d _223 |
| 100 | 1 |
_aVarón Palomino, Juan Carlos, _eautor _98957 |
|
| 245 | 1 | 0 |
_aDerechos fiduciarios y mercados de valores : _breflexión frente a la normativa colombiana / _cJuan Carlos Varón Palomino y Germán Darío Abella Abondano |
| 250 | _aPrimera edición | ||
| 260 |
_aBogotá : _bUniversidad de los Andes, _c2014 |
||
| 300 |
_a92 páginas ; _c23 cm. |
||
| 504 | _aBibliografía: páginas 73-77 | ||
| 505 | 0 | _aRégimen legal de los derechos fiduciarios en Colombia -- Derechos fiduciarios configurados como activos o instrumentos financieros y su relación con el régimen del mercado de valores | |
| 650 | 1 | 4 |
_aFiducia _xlegislación _zColombia _98958 |
| 650 | 1 | 4 |
_aContratos _xlegislación _zColombia _98894 |
| 700 | 1 |
_aAbella Abondano, Germán Darío, _eautor _98959 |
|
| 942 |
_2ddc _cBK |
||
| 999 |
_c3811 _d3811 |
||